I can roll!

Bibliographic Details
Main Author: Crozon, Alain
Format: Book
Published: San Francisco : Chronicle Books , 2001
Subjects:

MARC

LEADER 00000cam a2200000 7i4500
001 0000065749
005 20030415.0
020 |a 081182408X 
090 0 0 |a JF   |b CRO 
100 1 |a Crozon, Alain 
245 1 0 |a I can roll!   |c by Alain Crozon 
260 |a San Francisco :   |b Chronicle Books ,   |c 2001 
300 |a p.v. :   |b ill. ;   |c 28cm. 
650 0 0 |a Children's stories 
999 |a 00151527   |b BUKU   |c PINJAMAN   |e PERPUSTAKAAN KOMUNITI PETALING JAYA